| 000 | 01250nam a2200217Ia 4500 | ||
|---|---|---|---|
| 003 | Ost | ||
| 005 | 20260507075110.0 | ||
| 008 | 260507s9999||||xx |||||||||||||| ||und|| | ||
| 020 | _a2445723977 | ||
| 040 | _cfsecg | ||
| 041 | _aara | ||
| 082 | _a330 | ||
| 100 |
_aنصر، السيد _eمؤلف |
||
| 245 | 0 |
_aالمرجع الشامل في حل مسائل التكامل / _c السيد نصر |
|
| 260 |
_aالقاهرة: _bايتراك للطباعة ولنشر والتوزيع, _c2001 |
||
| 300 |
_a398 صفحة؛ _c24 سم |
||
| 520 | _aهذا الكتاب الذى يعد محاولة متواضعة وغير مسبوقة لتقديم الحل لعدد 252 حالة عامة من مسائل التكامل، ولقد روعرض المادة الرياضياتية في الكتاب بأسلوب يتيح للقارئ تتبع خطوات الحل في معنى واضح بعيد عن الغموض، ولقد تطلب ذلك تبسيط وتحليل كل حل مع ذكر كافة المفاهيم والمتطابقات والقوانين المستخدمة في كل حل على حدة دون إخلال بدقة الحل. | ||
| 653 | _aالتفاضل والتكامل | ||
| 653 | _aحل مسائل التكامل | ||
| 942 | _cكتاب | ||
| 999 |
_c42879 _d42879 |
||